| 000 | 00839cam a22002655a 4500 | ||
|---|---|---|---|
| 001 | 012614210 | ||
| 005 | 20160322140630.0 | ||
| 008 | 011112s2000 enka frb 001 0 eng d | ||
| 020 | _a041522070X | ||
| 020 | _a0415220718 (pbk) | ||
| 020 | _a9780415220712 | ||
| 040 |
_aWlAbNL _dUk _beng _dEG-ScBUE |
||
| 082 | 0 | 4 |
_222 _a384.54082 _bWOM |
| 245 | 0 | 0 |
_aWomen and radio : _bairing differences / _cedited by Caroline Mitchell. |
| 260 |
_aLondon ; _aNew York : _bRoutledge, _c2000. |
||
| 300 |
_axxi, 290 p. : _bill. ; _c24cm. |
||
| 500 | _aIndex : p. 283-290. | ||
| 504 | _aIncludes bibliographical references. | ||
| 650 | 7 |
_aWomen in radio broadcasting. _2BUEsh _939630 |
|
| 650 | 7 |
_aRadio broadcasting. _2BUEsh _939631 |
|
| 651 | _2BUEsh | ||
| 653 |
_bCOMAME _cMarch2016 |
||
| 700 | 1 |
_aMitchell, Caroline, _d1959- _eeditor. |
|
| 942 | _2ddc | ||
| 999 |
_c21477 _d21449 |
||